Normal view
MARC view
- Zohaib Hassan,Sarmad Majeed Malik,Muhammad Asad Iqbal
Entry Personal Name
001 - CONTROL NUMBER
- control field: 91909
003 - CONTROL NUMBER IDENTIFIER
- control field: NUST
005 - DATE AND TIME OF LATEST TRANSACTION
- control field: 20220527123507.0
008 - FIXED-LENGTH DATA ELEMENTS
- fixed length control field: 220527|| aca||aabn | a|a d
040 ## - CATALOGING SOURCE
- Original cataloging agency: NUST
- Transcribing agency: NUST
100 ## - HEADING--PERSONAL NAME
- Personal name: Zohaib Hassan,Sarmad Majeed Malik,Muhammad Asad Iqbal
670 ## - SOURCE DATA FOUND
- Source citation: Work cat.: (NUST): Zohaib Hassan,Sarmad Majeed Malik,Muhammad Asad Iqbal, Over-Speeding Detection and Reporting System, 2012
